Dodatočné daňové priznanie k dani z príjmov fyzickej osoby za rok 2016 v príkladoch

Daňové priznanie k dani z príj­mov FO sa podáva v lehote ustanovenej v § 49 zákona č. 595/2003 Z. z. o dani z príjmov v z. n. p. t. j. v lehote do troch kalendárnych mesiacov po uplynutí kalendárneho roka alebo v predĺženej lehote na podanie daňového priznania (na základe oznámenia daňovníka podan...

Full description

Saved in:
Bibliographic Details
Main Author: Jambrichová, Silvia
Format: Book Chapter
Language:Slovak
Subjects:
Tags: Add Tag
No Tags, Be the first to tag this record!

MARC

LEADER 00000naa a2200000 4500
001 0230080
005 20170516064748.9
041 0 |a slo 
044 |a SK 
245 1 0 |a Dodatočné daňové priznanie k dani z príjmov fyzickej osoby za rok 2016 v príkladoch  |c Silvia Jambrichová 
520 |a Daňové priznanie k dani z príj­mov FO sa podáva v lehote ustanovenej v § 49 zákona č. 595/2003 Z. z. o dani z príjmov v z. n. p. t. j. v lehote do troch kalendárnych mesiacov po uplynutí kalendárneho roka alebo v predĺženej lehote na podanie daňového priznania (na základe oznámenia daňovníka podaného správcovi dane, resp. na základe rozhodnutia správcu dane vydaného na základe žiadosti dediča alebo správcu konkurznej podstaty, ak tieto osoby sú povinné podať daňové priznanie za daňovníka). Ilustračné príklady. 
610 2 0 |a priznania daňové 
610 2 0 |a osoby fyzické 
610 2 0 |a úpravy právne 
610 2 0 |a dane z príjmov 
610 2 0 |a Slovensko 
100 1 |a Jambrichová, Silvia